000 00625nam a2200229Ia 4500
003 OSt
005 20221005133237.0
006 a|||||r|||| 00| 0
007 ta
008 221004b |||||||| |||| 00| 0 eng d
024 _a39590
037 _cTextual
040 _aCRL
_cCRL
_beng
041 _2eng
_aeng
082 _aO:3M772:1, E0
100 _aWeale Putnam, Pseud ie Simpson
_9642302
245 0 _aWang the ninth
_b The story of a Chinese boy
260 _c1910
650 _aENGLISH LITERATURE
942 _hO:3M772:1, E0
_cTEXL
_2cc
999 _c1066234
_d1066234